Majster a Margaréta

Bibliographic Details
Main Author: Bulgakov, Michail Afanasievič, 1891-1940 (Author)
Other Authors: Takáčová, Magda, 1924-2018 (Translator)
Format: Book
Language:Slovak
Russian
PhysicalDescription:443 s. 21 cm
Published: Bratislava Petit Press 2005
ISBN:8085585456
Edition:[1. vyd.]
Series:Svetová knižnica SME
Subjects:

MARC

LEADER 00000nam a2200000 a 4500
001 vtls008162016
003 SK-MaSNL
005 20260301015803.0
008 251031s2005 xo g 000 f slo
015 |a SNBA2006/02-00691 
020 |a 8085585456  |q (viaz.)  |c 185,00 Sk 
035 |a 22ED469D-4875-4090-957F-A566CF23FF5F 
035 |a urn:nbn:sk:snk-amlaqs 
035 |a urn:nbn:sk:snk-am0092p1 
040 |a SNK  |b slo  |c SNK  |e AACR2 
041 1 |a slo  |h rus 
044 |a xo  |c SK 
072 7 |a 821.161.1  |x Ruská literatúra  |2 konspekt 
080 |a 821.161.1-31  |2 MDT-MRF 
100 1 |a Bulgakov, Michail Afanasievič,  |d 1891-1940  |4 aut  |9 121214 
240 1 0 |a Master i Margarita  |l Slovensky 
245 1 0 |a Majster a Margaréta  |c Michail Bulgakov; [z ruského originálu] preložila Magda Takáčová 
250 |a [1. vyd.] 
260 |a Bratislava  |b Petit Press  |c 2005 
300 |a 443 s.  |c 21 cm 
490 1 |a Svetová knižnica SME  |v 35 
655 7 |a ruské romány  |2 SNKPH  |9 70514 
700 1 |a Takáčová, Magda,  |d 1924-2018  |4 trl  |9 179503 
830 0 |a Svetová knižnica SME  |9 304981 
919 |a 80-85585-45-6 
968 |b RUS  |d 821 
999 |c 561513  |d 563443 
952 |a SNK  |b SNK  |y PREZ  |7 0  |p 17A0487462  |o snkSC 120537 D1  |i snk2005/18012  |8 0  |0 0  |1 0  |4 0  |d 2005-10-27  |l 0  |r 2026-02-23 13:44:45  |w 2026-02-23 
952 |a SNK  |b SNK  |y PREZ  |7 0  |p 17A0476069  |o snkSC 120537  |i snk2005/10951  |8 0  |0 0  |1 0  |4 0  |d 2005-06-23  |f 1  |l 0  |r 2025-05-30 00:00:00  |w 2026-02-23